000 01004nam2a22002291 4500
001 rc\760210
005 20250622134908.0
035 _a(NLR Aleph) 006322886
090 _a7467859
_c7467859
100 _a20040301d1985 |||y0rusy50 ca
101 0 _arus
102 _aRU
105 _ay |||||||||
200 0 _aКн. 2
_fПер. М. Симашко
210 _d1985
_aБ. м.
215 _a446 с.
461 0 _1001rc\760208
_12001#$aПробужденный край$eРоман$eАвториз. пер. с каз.$fГабит Мусрепов$g[Авт. вступ. ст. Г. Ломидзе]$vКн. 2
_1700#1$aМусрепов$bГ.М.$gГабит Махмудович$f1902-1985
_97467843
_aМусрепов, Г.М. (1902-1985)
_cАлма-Ата
_d1985-
_fГабит Мусрепов
_nЖазушы
_oРоман : Авториз. пер. с каз.
_tПробужденный край
_vКн. 2
801 0 _aRU
_bNLR
_gpsbo
801 1 _aRU
_bELAR
_2rusmarc
852 _aNLR
_j85-3/10962
942 _cBOOK
980 _aNB